| 000 | 01269nam0a22002771 4500 | ||
|---|---|---|---|
| 001 | v19\rc\1639500 | ||
| 005 | 20061002124514.2 | ||
| 035 | _a(NLR Aleph) 004838885 | ||
| 090 |
_a4800531 _c4800531 |
||
| 100 | _a20061002d1900 |||y0rusy50 ca | ||
| 101 | 0 | _arus | |
| 102 | _aRU | ||
| 105 | _ay z ||||| | ||
| 200 | 1 |
_aИз загробного мира _eСвидетельства умерших и откровения о загроб. участи людей, по Четьи-Минеям св. Димитрия Ростовского _f[Соч.] Свящ. Николая Русанова, законоучителя Вол. реал. уч-ща Сарат. губ. |
|
| 210 |
_aВольск _cтип. Е.Н. Лубо _d1900 |
||
| 215 |
_a122, X с. _d18 |
||
| 700 | 1 |
_aРусанов _bН. Н. _gНиколай Николаевич |
|
| 702 | 1 |
_6z01790 _aДимитрий Ростовский _cТуптало, Даниил Саввич _cмитрополит _f1651-1709 _3RU\NLR\AUTH\773262 _4570 |
|
| 790 | 1 |
_6z01702 _aТуптало _bД. С. _f1651-1709 _gДаниил Саввич |
|
| 801 | 0 |
_aRU _bNLR _gpsbo |
|
| 801 | 0 |
_aRU _bRuMoRGB _2psbo |
|
| 801 | 1 |
_aRU _bProSoft-M _2rusmarc |
|
| 852 |
_aNLR _j20.60.8.65 |
||
| 899 |
_aRuMoRGB _jA 197/771 |
||
| 942 | _cBOOK | ||
| 980 | _aNB | ||